Statistics for 2023人均GDP50强地市 China top 50 cities in GDP/capita in 2023

Click here to take the quiz!

General Stats

  • This quiz has been taken 71 times
  • The average score is 36 of 50

Answer Stats

地级行政区人均排名% Correct
北京20.04
100%
深圳19.66
98%
苏州19.17
98%
上海19.18
98%
厦门15.224
95%
青岛15.223
95%
福州15.321
95%
广州16.218
95%
珠海17.115
94%
杭州16.217
94%
无锡20.63
94%
宁波17.114
94%
武汉14.629
94%
常州18.99
92%
泉州13.735
92%
扬州16.219
90%
鄂尔多斯26.61
90%
南京18.410
90%
济南13.636
89%
南通15.322
89%
天津12.342
87%
长沙13.834
87%
佛山13.933
87%
镇江16.316
85%
嘉兴12.740
85%
合肥13.237
84%
烟台14.431
84%
绍兴14.630
79%
泰州14.926
77%
克拉玛依25.92
77%
包头15.620
77%
威海12.047
76%
榆林19.65
73%
舟山18.011
69%
东营17.713
61%
唐山11.948
61%
芜湖12.741
61%
乌海12.739
53%
宁德12.146
47%
马鞍山11.949
45%
嘉峪关12.145
44%
阿拉善15.125
40%
宜昌14.727
40%
鄂州11.850
31%
海西17.712
31%
龙岩12.244
29%
三明12.243
29%
金昌13.138
29%
哈密14.728
23%
昌吉14.432
18%

Score Distribution

Percentile by Number Answered

Percent of People with Each Score

Your Score History

You have not taken this quiz